[Event "European Individual Chess Championship 2017"]
[Site "Minsk"]
[Date "2017.06.07"]
[Round "8.1"]
[White "Anton Guijarro, David"]
[Black "Howell, David W L"]
[Result "0-1"]
[BlackElo "2684"]
[WhiteElo "2660"]
[LiveChessVersion "1.4.8"]

1. e4 {[%clk 1:30:53]} e5 {[%clk 1:26:48]} 2. Nf3 {[%clk 1:31:06]} Nc6
{[%clk 1:26:29]} 3. Bc4 {[%clk 1:31:09]} Bc5 {[%clk 1:26:53]} 4. c3
{[%clk 1:31:13]} Nf6 {[%clk 1:27:17]} 5. d3 {[%clk 1:31:37]} O-O {[%clk 1:26:07]}
6. O-O {[%clk 1:29:52]} d5 {[%clk 1:21:46]} 7. exd5 {[%clk 1:27:52]} Nxd5
{[%clk 1:22:09]} 8. a4 {[%clk 1:27:57]} Nb6 {[%clk 1:12:42]} 9. Bb5
{[%clk 1:27:28]} Ne7 {[%clk 1:07:25]} 10. Nxe5 {[%clk 1:27:22]} c6
{[%clk 0:51:22]} 11. Bc4 {[%clk 1:27:19]} Bd6 {[%clk 0:51:47]} 12. a5
{[%clk 1:27:28]} Bxe5 {[%clk 0:48:29]} 13. axb6 {[%clk 1:27:52]} Qxb6
{[%clk 0:48:54]} 14. Re1 {[%clk 1:28:16]} Qc7 {[%clk 0:45:19]} 15. Qh5
{[%clk 1:18:51]} Bd6 {[%clk 0:36:42]} 16. Nd2 {[%clk 1:12:56]} Nd5
{[%clk 0:34:15]} 17. Ne4 {[%clk 1:09:18]} Be6 {[%clk 0:24:22]} 18. d4
{[%clk 0:54:02]} Rfe8 {[%clk 0:14:21]} 19. Nxd6 {[%clk 0:38:51]} Qxd6
{[%clk 0:14:39]} 20. Bd3 {[%clk 0:38:57]} Nf6 {[%clk 0:13:19]} 21. Qg5
{[%clk 0:29:22]} h6 {[%clk 0:11:41]} 22. Qf4 {[%clk 0:25:35]} Bc4
{[%clk 0:10:10]} 23. Rd1 {[%clk 0:23:37]} Qe6 {[%clk 0:08:00]} 24. Bxc4
{[%clk 0:15:58]} Qxc4 {[%clk 0:08:28]} 25. Qg3 {[%clk 0:16:22]} Re6
{[%clk 0:06:43]} 26. Rxa7 {[%clk 0:14:03]} Rxa7 {[%clk 0:07:12]} 27. Qb8+
{[%clk 0:14:27]} Kh7 {[%clk 0:05:29]} 28. Qxa7 {[%clk 0:14:52]} Ng4
{[%clk 0:05:19]} 29. d5 {[%clk 0:07:12]} Qe2 {[%clk 0:00:32]} 30. Rf1
{[%clk 0:07:32]} Rf6 {[%clk 0:00:35]} 31. Be3 {[%clk 0:02:54]} Nxh2
{[%clk 0:00:32]} 32. Kxh2 {[%clk 0:02:58]} Qxf1 {[%clk 0:00:59]} 33. Qxb7
{[%clk 0:03:21]} Qc4 {[%clk 0:00:31]} 34. Bd4 {[%clk 0:02:45]} Rg6
{[%clk 0:00:54]} 35. Qxf7 {[%clk 0:01:14]} c5 {[%clk 0:00:35]} 36. Be5
{[%clk 0:00:47]} Qh4+ {[%clk 0:00:33]} 37. Kg1 {[%clk 0:01:14]} Qh5
{[%clk 0:00:38]} 38. Bg3 {[%clk 0:00:37]} Qd1+ {[%clk 0:01:04]} 39. Kh2
{[%clk 0:01:05]} Rg5 {[%clk 0:00:50]} 40. f3 {[%clk 0:31:06]} Qxd5
{[%clk 0:30:44]} 41. Qxd5 {[%clk 0:29:03]} Rxd5 {[%clk 0:28:07]} 42. b4
{[%clk 0:29:28]} c4 {[%clk 0:13:10]} 43. Kg1 {[%clk 0:27:07]} h5 {[%clk 0:02:28]}
44. Kf1 {[%clk 0:23:32]} Rd2 {[%clk 0:02:29]} 45. Be5 {[%clk 0:22:23]} g5
{[%clk 0:02:04]} 46. Bd4 {[%clk 0:21:52]} Rb2 {[%clk 0:02:26]} 47. Kg1
{[%clk 0:19:30]} Kg6 {[%clk 0:01:30]} 48. Kh2 {[%clk 0:19:39]} Kf5
{[%clk 0:01:59]} 49. Be3 {[%clk 0:12:36]} Rb3 {[%clk 0:01:44]} 50. Bd2
{[%clk 0:12:45]} Rb1 {[%clk 0:01:14]} 51. Be3 {[%clk 0:09:26]} Rd1
{[%clk 0:01:06]} 52. Bf2 {[%clk 0:08:19]} Rd3 {[%clk 0:01:35]} 53. Be1
{[%clk 0:08:44]} Re3 {[%clk 0:01:58]} 0-1

[Event "European Individual Chess Championship 2017"]
[Site "Minsk"]
[Date "2017.06.07"]
[Round "8.2"]
[White "Matlakov, Maxim"]
[Black "Shimanov, Aleksandr"]
[Result "1/2-1/2"]
[BlackElo "2642"]
[WhiteElo "2714"]
[LiveChessVersion "1.4.8"]

1. c4 {[%clk 1:30:53]} e6 {[%clk 1:30:42]} 2. Nc3 {[%clk 1:31:06]} d5
{[%clk 1:31:06]} 3. d4 {[%clk 1:31:30]} Nf6 {[%clk 1:31:14]} 4. cxd5
{[%clk 1:31:02]} Nxd5 {[%clk 1:31:32]} 5. e4 {[%clk 1:31:09]} Nxc3
{[%clk 1:31:57]} 6. bxc3 {[%clk 1:31:34]} c5 {[%clk 1:32:23]} 7. Rb1
{[%clk 1:31:45]} Be7 {[%clk 1:32:09]} 8. Nf3 {[%clk 1:31:28]} O-O
{[%clk 1:32:12]} 9. Bc4 {[%clk 1:31:13]} Nc6 {[%clk 1:32:15]} 10. O-O
{[%clk 1:26:56]} b6 {[%clk 1:32:36]} 11. d5 {[%clk 1:26:43]} Na5 {[%clk 1:22:33]}
12. Bd3 {[%clk 1:25:22]} c4 {[%clk 1:03:43]} 13. Bc2 {[%clk 1:22:16]} exd5
{[%clk 1:03:45]} 14. exd5 {[%clk 1:22:38]} Bb7 {[%clk 1:04:04]} 15. Re1
{[%clk 1:22:59]} Re8 {[%clk 1:03:52]} 16. Ba4 {[%clk 1:22:11]} Rf8
{[%clk 1:01:22]} 17. Bf4 {[%clk 1:07:10]} Bd6 {[%clk 1:01:16]} 18. Bg5
{[%clk 0:56:14]} f6 {[%clk 0:58:38]} 19. Be3 {[%clk 0:51:48]} Bc7
{[%clk 0:57:46]} 20. Nd4 {[%clk 0:43:41]} Qxd5 {[%clk 0:56:17]} 21. Qg4
{[%clk 0:44:03]} f5 {[%clk 0:42:56]} 22. Qh3 {[%clk 0:43:36]} f4 {[%clk 0:37:10]}
23. Bc1 {[%clk 0:35:25]} 1/2-1/2

[Event "European Individual Chess Championship 2017"]
[Site "Minsk"]
[Date "2017.06.07"]
[Round "8.3"]
[White "Ivanisevic, Ivan"]
[Black "Cheparinov, Ivan"]
[Result "0-1"]
[BlackElo "2688"]
[WhiteElo "2638"]
[LiveChessVersion "1.4.8"]

1. e4 {[%clk 1:30:24]} c5 {[%clk 1:30:56]} 2. Nf3 {[%clk 1:30:50]} d6
{[%clk 1:31:21]} 3. d4 {[%clk 1:31:15]} cxd4 {[%clk 1:31:45]} 4. Nxd4
{[%clk 1:31:40]} Nf6 {[%clk 1:32:12]} 5. Nc3 {[%clk 1:32:02]} a6 {[%clk 1:32:38]}
6. Bc4 {[%clk 1:32:24]} e6 {[%clk 1:32:48]} 7. Bb3 {[%clk 1:32:48]} Nbd7
{[%clk 1:32:03]} 8. O-O {[%clk 1:32:39]} Nc5 {[%clk 1:31:56]} 9. Re1
{[%clk 1:33:03]} Be7 {[%clk 1:30:46]} 10. f4 {[%clk 1:33:24]} O-O
{[%clk 1:29:00]} 11. e5 {[%clk 1:33:42]} Ne8 {[%clk 1:21:34]} 12. Be3
{[%clk 1:29:50]} Bd7 {[%clk 1:16:37]} 13. Bf2 {[%clk 1:25:44]} Rc8
{[%clk 1:08:50]} 14. Ne4 {[%clk 1:17:31]} Nxb3 {[%clk 1:05:56]} 15. axb3
{[%clk 1:17:54]} dxe5 {[%clk 0:51:26]} 16. fxe5 {[%clk 1:18:13]} f6
{[%clk 0:48:38]} 17. exf6 {[%clk 1:11:42]} Nxf6 {[%clk 0:46:10]} 18. Bg3
{[%clk 0:47:59]} Qb6 {[%clk 0:39:01]} 19. c3 {[%clk 0:45:19]} Nxe4
{[%clk 0:38:10]} 20. Rxe4 {[%clk 0:45:41]} Bf6 {[%clk 0:38:03]} 21. Be5
{[%clk 0:39:33]} Bc6 {[%clk 0:35:44]} 22. Re3 {[%clk 0:39:47]} Bd5
{[%clk 0:35:43]} 23. b4 {[%clk 0:34:58]} Bxe5 {[%clk 0:35:19]} 24. Rxe5
{[%clk 0:35:22]} Rf4 {[%clk 0:35:27]} 25. Qd2 {[%clk 0:33:15]} Rcf8
{[%clk 0:34:51]} 26. Rae1 {[%clk 0:33:15]} Bc4 {[%clk 0:27:19]} 27. h3
{[%clk 0:29:00]} Rf1+ {[%clk 0:27:42]} 28. Rxf1 {[%clk 0:27:30]} Rxf1+
{[%clk 0:28:07]} 29. Kh2 {[%clk 0:27:53]} Qc7 {[%clk 0:26:58]} 30. Qe3
{[%clk 0:27:24]} Bd5 {[%clk 0:24:50]} 31. Qg3 {[%clk 0:16:50]} Rb1
{[%clk 0:24:36]} 32. Re3 {[%clk 0:07:28]} Qxg3+ {[%clk 0:24:31]} 33. Kxg3
{[%clk 0:07:53]} Rxb2 {[%clk 0:24:41]} 34. Nxe6 {[%clk 0:08:17]} Rxg2+
{[%clk 0:24:44]} 35. Kf4 {[%clk 0:08:43]} Kf7 {[%clk 0:23:18]} 36. Nc5
{[%clk 0:04:54]} Rf2+ {[%clk 0:19:58]} 37. Kg3 {[%clk 0:05:16]} Rf5
{[%clk 0:17:30]} 38. Rd3 {[%clk 0:05:08]} Kf6 {[%clk 0:16:24]} 39. Re3
{[%clk 0:02:51]} Bc6 {[%clk 0:13:46]} 40. Ne4+ {[%clk 0:32:57]} Kg6
{[%clk 0:41:22]} 41. Nd6 {[%clk 0:25:48]} Rd5 {[%clk 0:37:58]} 42. Nc8
{[%clk 0:19:58]} Kf6 {[%clk 0:36:54]} 43. Nb6 {[%clk 0:16:01]} Rg5+
{[%clk 0:30:27]} 44. Kh4 {[%clk 0:14:44]} Rg2 {[%clk 0:28:55]} 45. Nc4
{[%clk 0:14:54]} Kf5 {[%clk 0:21:18]} 46. Rd3 {[%clk 0:15:19]} Rg1
{[%clk 0:20:27]} 47. Nd6+ {[%clk 0:12:54]} Ke6 {[%clk 0:20:21]} 48. Nc4
{[%clk 0:13:10]} Kf5 {[%clk 0:17:45]} 49. Nd6+ {[%clk 0:12:34]} Kf6
{[%clk 0:18:09]} 50. Re3 {[%clk 0:11:28]} Rd1 {[%clk 0:14:07]} 51. Nc4
{[%clk 0:11:31]} Rd5 {[%clk 0:13:18]} 52. Na5 {[%clk 0:10:50]} Re5
{[%clk 0:13:16]} 53. Rd3 {[%clk 0:10:55]} Bd5 {[%clk 0:13:07]} 54. c4
{[%clk 0:07:37]} Bxc4 {[%clk 0:11:54]} 55. Rd6+ {[%clk 0:08:02]} Be6
{[%clk 0:11:57]} 56. Nxb7 {[%clk 0:08:20]} Re3 {[%clk 0:12:20]} 0-1

[Event "European Individual Chess Championship 2017"]
[Site "Minsk"]
[Date "2017.06.07"]
[Round "8.4"]
[White "Dubov, Daniil"]
[Black "Mikaelyan, Arman"]
[Result "1/2-1/2"]
[BlackElo "2444"]
[WhiteElo "2660"]
[LiveChessVersion "1.4.8"]

1. c4 {[%clk 1:30:55]} Nf6 {[%clk 1:30:49]} 2. Nc3 {[%clk 1:31:18]} g6
{[%clk 1:31:12]} 3. e4 {[%clk 1:31:43]} d6 {[%clk 1:31:30]} 4. d4
{[%clk 1:32:09]} Bg7 {[%clk 1:31:54]} 5. Nf3 {[%clk 1:32:34]} O-O
{[%clk 1:32:14]} 6. Be2 {[%clk 1:33:01]} e5 {[%clk 1:32:36]} 7. O-O
{[%clk 1:33:25]} exd4 {[%clk 1:33:01]} 8. Nxd4 {[%clk 1:33:51]} Re8
{[%clk 1:33:19]} 9. f3 {[%clk 1:33:38]} Nc6 {[%clk 1:33:33]} 10. Be3
{[%clk 1:31:56]} Nh5 {[%clk 1:33:44]} 11. Qd2 {[%clk 1:31:43]} Nf4
{[%clk 1:33:44]} 12. Bxf4 {[%clk 1:25:50]} Nxd4 {[%clk 1:32:11]} 13. Bg5
{[%clk 1:26:05]} Nxe2+ {[%clk 1:28:39]} 14. Nxe2 {[%clk 1:26:29]} Qd7
{[%clk 1:27:30]} 15. Nd4 {[%clk 1:22:49]} a6 {[%clk 1:19:38]} 16. Bh6
{[%clk 1:22:09]} Bh8 {[%clk 1:18:32]} 17. a4 {[%clk 1:20:49]} Qe7
{[%clk 1:15:08]} 18. Rad1 {[%clk 1:16:21]} c5 {[%clk 0:59:41]} 19. Ne2
{[%clk 1:10:58]} Be6 {[%clk 0:58:31]} 20. Qc1 {[%clk 1:04:33]} Qd7
{[%clk 0:48:53]} 21. b3 {[%clk 1:00:28]} b5 {[%clk 0:47:08]} 22. axb5
{[%clk 0:50:44]} axb5 {[%clk 0:47:34]} 23. Nf4 {[%clk 0:51:12]} bxc4
{[%clk 0:44:09]} 24. Nxe6 {[%clk 0:48:11]} Qxe6 {[%clk 0:30:56]} 25. bxc4
{[%clk 0:48:34]} Bd4+ {[%clk 0:21:39]} 26. Be3 {[%clk 0:48:06]} Ra1
{[%clk 0:20:31]} 27. Qd2 {[%clk 0:48:27]} Bxe3+ {[%clk 0:20:18]} 28. Qxe3
{[%clk 0:48:51]} Rxd1 {[%clk 0:19:59]} 29. Rxd1 {[%clk 0:49:17]} f5
{[%clk 0:17:56]} 30. Qd3 {[%clk 0:35:30]} fxe4 {[%clk 0:18:20]} 31. Qxd6
{[%clk 0:34:53]} Qxc4 {[%clk 0:10:50]} 32. fxe4 {[%clk 0:34:36]} Qxe4
{[%clk 0:08:52]} 1/2-1/2

[Event "European Individual Chess Championship 2017"]
[Site "Minsk"]
[Date "2017.06.07"]
[Round "8.5"]
[White "Demchenko, Anton"]
[Black "Kovalenko, Igor"]
[Result "1-0"]
[BlackElo "2657"]
[WhiteElo "2629"]
[LiveChessVersion "1.4.8"]

1. e4 {[%clk 1:30:58]} c5 {[%clk 1:30:56]} 2. Nf3 {[%clk 1:31:20]} e6
{[%clk 1:31:22]} 3. d4 {[%clk 1:30:27]} cxd4 {[%clk 1:31:49]} 4. Nxd4
{[%clk 1:30:53]} Nf6 {[%clk 1:32:15]} 5. Nc3 {[%clk 1:31:13]} Nc6
{[%clk 1:32:42]} 6. a3 {[%clk 1:26:07]} d6 {[%clk 1:29:31]} 7. Be3
{[%clk 1:26:00]} Be7 {[%clk 1:29:11]} 8. Be2 {[%clk 1:25:34]} O-O
{[%clk 1:28:20]} 9. Qd2 {[%clk 1:23:00]} a6 {[%clk 0:55:23]} 10. O-O-O
{[%clk 1:21:36]} Na5 {[%clk 0:55:42]} 11. Kb1 {[%clk 1:15:16]} Qc7
{[%clk 0:36:57]} 12. g4 {[%clk 1:09:55]} Nc4 {[%clk 0:34:51]} 13. Bxc4
{[%clk 1:08:08]} Qxc4 {[%clk 0:35:19]} 14. Rhg1 {[%clk 0:59:58]} d5
{[%clk 0:18:36]} 15. exd5 {[%clk 0:55:07]} Rd8 {[%clk 0:15:51]} 16. Bg5
{[%clk 0:42:03]} exd5 {[%clk 0:05:23]} 17. Rge1 {[%clk 0:29:09]} Be6
{[%clk 0:04:41]} 18. f3 {[%clk 0:24:46]} Rac8 {[%clk 0:04:17]} 19. Nf5
{[%clk 0:16:52]} Bxa3 {[%clk 0:03:01]} 20. Bxf6 {[%clk 0:13:56]} gxf6
{[%clk 0:03:29]} 21. Qh6 {[%clk 0:13:58]} Bf8 {[%clk 0:03:56]} 22. Qxf6
{[%clk 0:14:19]} Qc7 {[%clk 0:02:38]} 23. Re5 {[%clk 0:12:08]} h6
{[%clk 0:02:43]} 24. Nxh6+ {[%clk 0:08:57]} Bxh6 {[%clk 0:03:05]} 25. Rde1
{[%clk 0:09:22]} Bf5 {[%clk 0:02:32]} 26. gxf5 {[%clk 0:05:36]} Rd6
{[%clk 0:00:33]} 27. Re8+ {[%clk 0:05:38]} Bf8 {[%clk 0:00:50]} 28. Rxf8+
{[%clk 0:05:39]} 1-0

[Event "European Individual Chess Championship 2017"]
[Site "Minsk"]
[Date "2017.06.07"]
[Round "8.6"]
[White "Fridman, Daniel"]
[Black "Jones, Gawain C B"]
[Result "1/2-1/2"]
[BlackElo "2654"]
[WhiteElo "2605"]
[LiveChessVersion "1.4.8"]

1. d4 {[%clk 1:30:51]} Nf6 {[%clk 1:28:32]} 2. Nf3 {[%clk 1:31:12]} g6
{[%clk 1:28:57]} 3. g3 {[%clk 1:31:36]} Bg7 {[%clk 1:29:24]} 4. Bg2
{[%clk 1:31:59]} O-O {[%clk 1:29:48]} 5. O-O {[%clk 1:32:24]} d6 {[%clk 1:30:12]}
6. b3 {[%clk 1:32:48]} c5 {[%clk 1:30:07]} 7. c4 {[%clk 1:33:05]} e5
{[%clk 1:29:39]} 8. dxe5 {[%clk 1:26:04]} dxe5 {[%clk 1:30:00]} 9. Qxd8
{[%clk 1:26:28]} Rxd8 {[%clk 1:30:26]} 10. Bb2 {[%clk 1:26:49]} e4
{[%clk 1:28:45]} 11. Nfd2 {[%clk 1:26:50]} Bf5 {[%clk 1:15:30]} 12. g4
{[%clk 1:24:49]} Bxg4 {[%clk 1:12:07]} 13. Nxe4 {[%clk 1:25:11]} Nxe4
{[%clk 1:09:08]} 14. Bxg7 {[%clk 1:25:32]} Kxg7 {[%clk 1:02:08]} 15. Bxe4
{[%clk 1:25:54]} Nd7 {[%clk 1:02:04]} 16. Nc3 {[%clk 1:22:33]} Rab8
{[%clk 1:01:24]} 17. Rfd1 {[%clk 1:21:28]} Re8 {[%clk 0:55:45]} 18. Rd2
{[%clk 1:15:30]} Nf6 {[%clk 0:54:58]} 19. Bg2 {[%clk 1:15:43]} Bf5
{[%clk 0:53:58]} 20. Nb5 {[%clk 1:11:44]} a6 {[%clk 0:44:43]} 21. Nd6
{[%clk 1:11:06]} Re7 {[%clk 0:44:52]} 22. Nxf5+ {[%clk 1:04:44]} gxf5
{[%clk 0:41:11]} 23. Rc1 {[%clk 1:05:09]} Rbe8 {[%clk 0:39:44]} 24. Kf1
{[%clk 1:04:54]} b6 {[%clk 0:37:11]} 25. Bc6 {[%clk 0:56:19]} Rc8
{[%clk 0:34:50]} 26. Bf3 {[%clk 0:55:25]} Rce8 {[%clk 0:33:42]} 27. Rcd1
{[%clk 0:52:14]} Re6 {[%clk 0:30:41]} 28. Rd8 {[%clk 0:47:32]} Rxd8
{[%clk 0:29:38]} 29. Rxd8 {[%clk 0:47:57]} Re8 {[%clk 0:30:01]} 30. Rd1
{[%clk 0:48:05]} Re6 {[%clk 0:29:45]} 31. Bb7 {[%clk 0:46:25]} Ne4
{[%clk 0:21:06]} 32. Bxa6 {[%clk 0:35:55]} Rh6 {[%clk 0:21:11]} 33. Kg2
{[%clk 0:36:08]} Rg6+ {[%clk 0:19:13]} 34. Kf3 {[%clk 0:31:11]} Ng5+
{[%clk 0:19:01]} 35. Kg2 {[%clk 0:24:45]} Ne4+ {[%clk 0:19:22]} 36. Kf1
{[%clk 0:25:09]} Rh6 {[%clk 0:19:46]} 37. Bb7 {[%clk 0:08:44]} Nc3
{[%clk 0:19:55]} 38. Rd7 {[%clk 0:08:10]} Nxa2 {[%clk 0:19:13]} 39. Bd5
{[%clk 0:06:59]} Rf6 {[%clk 0:17:54]} 40. Ra7 {[%clk 0:36:54]} Nb4
{[%clk 0:45:24]} 41. Bf3 {[%clk 0:29:34]} Nc6 {[%clk 0:42:01]} 42. Bxc6
{[%clk 0:29:09]} Rxc6 {[%clk 0:42:23]} 43. Rb7 {[%clk 0:26:15]} 1/2-1/2

[Event "European Individual Chess Championship 2017"]
[Site "Minsk"]
[Date "2017.06.07"]
[Round "8.7"]
[White "Jobava, Baadur"]
[Black "Mastrovasilis, Dimitrios"]
[Result "1-0"]
[BlackElo "2580"]
[WhiteElo "2713"]
[LiveChessVersion "1.4.8"]

1. c4 {[%clk 1:28:53]} e5 {[%clk 1:30:02]} 2. Nc3 {[%clk 1:28:58]} Nf6
{[%clk 1:30:20]} 3. g3 {[%clk 1:27:19]} c6 {[%clk 1:30:23]} 4. Nf3
{[%clk 1:25:44]} e4 {[%clk 1:30:09]} 5. Nd4 {[%clk 1:26:07]} Qb6 {[%clk 1:29:49]}
6. Nc2 {[%clk 1:22:27]} d5 {[%clk 1:08:35]} 7. Bg2 {[%clk 1:22:03]} dxc4
{[%clk 1:06:36]} 8. O-O {[%clk 1:21:37]} Be6 {[%clk 1:05:24]} 9. Nxe4
{[%clk 1:20:49]} Nxe4 {[%clk 1:05:06]} 10. Bxe4 {[%clk 1:21:14]} Nd7
{[%clk 1:04:39]} 11. Bg2 {[%clk 1:21:10]} h5 {[%clk 0:57:30]} 12. d4
{[%clk 1:19:57]} cxd3 {[%clk 0:54:52]} 13. Qxd3 {[%clk 1:20:21]} O-O-O
{[%clk 0:53:58]} 14. Be3 {[%clk 1:18:48]} Bc5 {[%clk 0:51:56]} 15. Qc3
{[%clk 1:18:08]} Bxe3 {[%clk 0:45:05]} 16. Nxe3 {[%clk 1:18:31]} Nf6
{[%clk 0:45:11]} 17. Rfd1 {[%clk 1:08:31]} Rxd1+ {[%clk 0:37:23]} 18. Rxd1
{[%clk 1:08:56]} Rd8 {[%clk 0:37:20]} 19. Rxd8+ {[%clk 1:09:21]} Qxd8
{[%clk 0:37:34]} 20. a4 {[%clk 1:04:14]} Qd6 {[%clk 0:31:59]} 21. Bf3
{[%clk 1:03:56]} Bh3 {[%clk 0:24:50]} 22. a5 {[%clk 0:59:14]} a6 {[%clk 0:22:36]}
23. Bg2 {[%clk 0:56:59]} Be6 {[%clk 0:22:01]} 24. h4 {[%clk 0:55:36]} Kb8
{[%clk 0:19:52]} 25. Bf3 {[%clk 0:55:36]} Kc7 {[%clk 0:18:02]} 26. Kg2
{[%clk 0:55:56]} Kd8 {[%clk 0:17:34]} 27. Nf1 {[%clk 0:50:06]} Ke8
{[%clk 0:15:17]} 28. e4 {[%clk 0:46:02]} Qe7 {[%clk 0:13:20]} 29. Nd2
{[%clk 0:41:38]} g6 {[%clk 0:10:31]} 30. Be2 {[%clk 0:41:33]} Nd7
{[%clk 0:08:05]} 31. f4 {[%clk 0:37:21]} Qd6 {[%clk 0:07:07]} 32. Nc4
{[%clk 0:27:21]} Bxc4 {[%clk 0:04:41]} 33. Bxc4 {[%clk 0:27:45]} Nc5
{[%clk 0:03:11]} 34. e5 {[%clk 0:25:59]} Qd1 {[%clk 0:03:03]} 35. Bxf7+
{[%clk 0:23:51]} Kxf7 {[%clk 0:03:26]} 36. Qxc5 {[%clk 0:24:18]} Qd2+
{[%clk 0:01:25]} 37. Qf2 {[%clk 0:16:35]} Qxa5 {[%clk 0:01:04]} 38. g4
{[%clk 0:17:00]} Qd5+ {[%clk 0:00:35]} 39. Kg3 {[%clk 0:17:26]} hxg4
{[%clk 0:00:42]} 40. Kxg4 {[%clk 0:47:48]} Qd1+ {[%clk 0:30:41]} 41. Qf3
{[%clk 0:48:02]} Qg1+ {[%clk 0:10:26]} 42. Kh3 {[%clk 0:48:28]} Qd4
{[%clk 0:09:21]} 43. h5 {[%clk 0:48:08]} Qxb2 {[%clk 0:08:39]} 44. hxg6+
{[%clk 0:47:31]} Kxg6 {[%clk 0:09:02]} 45. f5+ {[%clk 0:47:10]} Kf7
{[%clk 0:05:55]} 46. Qh5+ {[%clk 0:45:00]} Kf8 {[%clk 0:05:54]} 47. Qh8+
{[%clk 0:45:11]} Ke7 {[%clk 0:06:17]} 48. f6+ {[%clk 0:45:02]} Ke6
{[%clk 0:02:35]} 49. Qg8+ {[%clk 0:45:28]} Kf5 {[%clk 0:02:02]} 50. Qg4+
{[%clk 0:45:44]} Kxe5 {[%clk 0:02:24]} 51. f7 {[%clk 0:46:13]} 1-0

[Event "European Individual Chess Championship 2017"]
[Site "Minsk"]
[Date "2017.06.07"]
[Round "8.8"]
[White "Saric, Ivan"]
[Black "Andreikin, Dmitry"]
[Result "1/2-1/2"]
[BlackElo "2723"]
[WhiteElo "2618"]
[LiveChessVersion "1.4.8"]

1. e4 {[%clk 1:30:59]} e5 {[%clk 1:30:06]} 2. Nf3 {[%clk 1:31:24]} Nc6
{[%clk 1:30:29]} 3. d4 {[%clk 1:31:49]} exd4 {[%clk 1:30:53]} 4. Nxd4
{[%clk 1:32:15]} Bc5 {[%clk 1:31:05]} 5. Nb3 {[%clk 1:32:40]} Bb6
{[%clk 1:31:03]} 6. Nc3 {[%clk 1:33:04]} d6 {[%clk 1:26:49]} 7. Qe2
{[%clk 1:32:35]} Nf6 {[%clk 1:24:47]} 8. Be3 {[%clk 1:32:47]} Be6
{[%clk 1:16:07]} 9. O-O-O {[%clk 1:31:29]} Qe7 {[%clk 1:16:28]} 10. g3
{[%clk 1:30:58]} Nd7 {[%clk 0:58:56]} 11. Bg2 {[%clk 1:11:18]} O-O-O
{[%clk 0:52:52]} 12. Rhe1 {[%clk 1:09:14]} Rhe8 {[%clk 0:37:21]} 13. Kb1
{[%clk 1:01:56]} Bxe3 {[%clk 0:32:38]} 14. Qxe3 {[%clk 1:02:21]} Nb6
{[%clk 0:32:45]} 15. Nd4 {[%clk 0:59:27]} Bd7 {[%clk 0:33:00]} 16. Ndb5
{[%clk 0:51:26]} Kb8 {[%clk 0:30:50]} 17. b3 {[%clk 0:44:08]} Qe5
{[%clk 0:26:08]} 18. f4 {[%clk 0:42:15]} Qc5 {[%clk 0:22:34]} 19. Qxc5
{[%clk 0:39:54]} dxc5 {[%clk 0:22:59]} 20. e5 {[%clk 0:38:11]} a6
{[%clk 0:22:55]} 21. Na3 {[%clk 0:38:38]} Nd4 {[%clk 0:23:08]} 22. Ne4
{[%clk 0:36:24]} Bc6 {[%clk 0:23:19]} 23. Bh1 {[%clk 0:28:20]} Ne6
{[%clk 0:18:10]} 24. Rxd8+ {[%clk 0:26:17]} Rxd8 {[%clk 0:18:26]} 25. f5
{[%clk 0:26:20]} Nd4 {[%clk 0:17:14]} 26. g4 {[%clk 0:25:19]} Re8
{[%clk 0:14:23]} 27. c3 {[%clk 0:23:04]} Nb5 {[%clk 0:14:47]} 28. Nxb5
{[%clk 0:23:29]} axb5 {[%clk 0:15:12]} 29. f6 {[%clk 0:20:24]} Bxe4+
{[%clk 0:10:06]} 30. Bxe4 {[%clk 0:18:57]} gxf6 {[%clk 0:08:01]} 31. Bxh7
{[%clk 0:18:30]} Rh8 {[%clk 0:07:59]} 32. Bf5 {[%clk 0:14:11]} Rxh2
{[%clk 0:07:36]} 33. exf6 {[%clk 0:14:39]} Nd5 {[%clk 0:07:49]} 34. Re8+
{[%clk 0:15:04]} Ka7 {[%clk 0:08:17]} 35. Rf8 {[%clk 0:15:25]} Nxf6
{[%clk 0:06:36]} 36. Rxf7 {[%clk 0:15:52]} Nd5 {[%clk 0:07:01]} 37. c4
{[%clk 0:09:39]} Nc3+ {[%clk 0:03:50]} 38. Kc1 {[%clk 0:10:05]} Re2
{[%clk 0:03:20]} 39. a3 {[%clk 0:07:54]} Na2+ {[%clk 0:03:21]} 40. Kd1
{[%clk 0:38:03]} Nc3+ {[%clk 0:33:46]} 41. Kc1 {[%clk 0:38:30]} b4
{[%clk 0:33:30]} 42. axb4 {[%clk 0:36:30]} Na2+ {[%clk 0:30:06]} 43. Kd1
{[%clk 0:36:57]} Nc3+ {[%clk 0:30:32]} 44. Kc1 {[%clk 0:37:23]} 1/2-1/2